MUSIC140 Test 1 - Songs & Performers - Statistics

General Stats
  • This quiz has been taken 16 times
  • The average score is 5 of 13
Answer Stats
Hint Answer % Correct
Too Young Nat King Cole
75%
Blue Moon of Kentucky Bill Monroe
50%
Somewhere Over the Rainbow Judy Garland
50%
Tutti Frutti Little Richard
50%
Hoochie Coochie Man Muddy Waters
50%
(How Much Is) That Doggie in the Window Patti Page
50%
I’ve Got a Woman Ray Charles
50%
Sweet Home Chicago Robert Johnson
50%
Good Rockin Tonight Wynonie Harris
50%
Sentimental Journey Les Brown, Doris Day
25%
Carve that Possum Uncle Dave Macon and the Fruit Jar Drinkers
25%
Travelin Blues Blind Willie McTell
0%
How Long Blues Carr and Blackwell
0%
No matching quizzes found
Score Distribution
Percent of People with Each Score
Percentile by Number Answered
Your Score History
You have not taken this quiz